La corazzata /
שמור ב:
| מחבר ראשי: | |
|---|---|
| פורמט: | ספר |
| שפה: | איטלקית |
| יצא לאור: |
Roma :
Minimum fax,
1997
|
| סדרה: | Sotterranei ;
7 |
| תגים: |
אין תגיות, היה/י הראשונ/ה לתייג את הרשומה!
|
MARC
| LEADER | 00000nam a22000007i 4500 | ||
|---|---|---|---|
| 001 | IT\ICCU\LO1\0452749 | ||
| 003 | ItRI | ||
| 005 | 20260115231948.0 | ||
| 008 | 980306s1997 it |||||| ||||| |||||c | ||
| 020 | |a 8886568290 | ||
| 040 | |b ita |c importazione bologna sebina | ||
| 041 | 7 | |a ita |2 ISO-639-2 | |
| 082 | |a 853.912 |9 NARRATIVA ITALIANA. 1900-1945 |2 19 | ||
| 100 | 1 | |a Panella, Pasquale |0 IT\ICCU\LO1V\166825 |4 aut | |
| 245 | 1 | 3 | |a La corazzata / |c Pasquale Panella. |
| 260 | |a Roma : |b Minimum fax, |c 1997 | ||
| 300 | |a 154 p. ; |c 19 cm. | ||
| 830 | 0 | |a Sotterranei ; |v 7 |0 IT\ICCU\RML\0168810 | |
| 942 | |2 ddc |c BK |n 0 | ||
| 952 | |0 0 |1 0 |4 0 |6 DOC_853_914000000000000_PAN |7 0 |9 17905 |a BO |b BO |d 2026-01-15 |i 6246 |l 0 |o DOC 853.914 PAN |p BO6246 |r 2026-01-15 23:19:48 |w 2026-01-15 |x [Sebina 5] [1 v.] |y BK |z 1 v. | ||
| 999 | |c 15226 |d 15226 | ||